Educación matemática 3º básico: texto para el estudiante
Збережено в:
| Автор: | |
|---|---|
| Формат: | Книга |
| Мова: | Іспанська |
| Опубліковано: |
Santiago
Zig Zag
2006
|
| Редагування: | 1a. ed |
| Предмети: | |
| Теги: |
Додати тег
Немає тегів, Будьте першим, хто поставить тег для цього запису!
|
MARC
| LEADER | 00000nam a2200000 a 4500 | ||
|---|---|---|---|
| 001 | UCK9637 | ||
| 003 | CL-VaPUC | ||
| 008 | 060519e20060000CL |||||||||||||||||spa|d | ||
| 020 | |a 9561217635 | ||
| 082 | 0 | 4 | |a 372.7 |b FRI |2 21 |
| 100 | 0 | |a Frías Barea, Mónica |e author |9 499418 | |
| 245 | 1 | 0 | |a Educación matemática 3º básico: texto para el estudiante |
| 250 | |a 1a. ed | ||
| 300 | |a 159 p | ||
| 942 | |c BK | ||
| 945 | |d 20060519 00:00:00 |a cmena | ||
| 260 | |a Santiago |b Zig Zag |c 2006 | ||
| 650 | 0 | |a Educación básica |9 224933 | |
| 650 | 0 | |a Matemáticas |x Enseñanza |9 875527 | |
| 650 | 0 | |a Libros de texto |9 270019 | |
| 650 | 0 | |a Métodos de enseñanza |9 270413 | |
| 583 | |a last modification |c 20170816 12:50:41 |k Rodrigo Vera | ||
| 999 | |c 316720 |d 316718 | ||
| 952 | |0 0 |1 0 |4 0 |6 372_700000000000000_FRI_2006 |7 0 |8 P |9 391525 |a BIBEDU |b BIBEDU |d 2019-11-22 |i 4231198 |o 372.7 FRI 2006 |p 4231198 |r 2019-11-22 |w 2019-11-22 |y BK |k BME | ||
| 952 | |0 0 |1 0 |4 0 |6 372_700000000000000_FRI_2006 |7 0 |8 P |9 391527 |a BIBEDU |b BIBEDU |d 2019-11-22 |i 4463501 |o 372.7 FRI 2006 |p 4463501 |r 2019-11-22 |w 2019-11-22 |y BK |k EDU | ||
| 952 | |0 0 |1 0 |4 0 |6 372_700000000000000_FRI_2006 |7 0 |8 P |9 391528 |a BIBEDU |b BIBEDU |d 2019-11-22 |i 446351K |o 372.7 FRI 2006 |p 446351K |r 2019-11-22 |w 2019-11-22 |y BK |k EDU | ||
| 952 | |0 0 |1 0 |4 0 |6 372_700000000000000_FRI_2006 |7 0 |8 P |9 391529 |a BIBEDU |b BIBEDU |c BIBEDU_PB |d 2019-11-22 |i 4463528 |o 372.7 FRI 2006 |p 4463528 |r 2024-01-25 |w 2019-11-22 |y BK |k EDU | ||
| 952 | |0 0 |1 0 |4 0 |6 372_700000000000000_FRI_2006 |7 0 |8 P |9 391530 |a BIBEDU |b BIBEDU |c BIBEDU_PB |d 2019-11-22 |i 4463536 |o 372.7 FRI 2006 |p 4463536 |r 2024-01-25 |w 2019-11-22 |y BK |k EDU | ||